000 00351nam a2200133Ia 4500
008 230524s9999 xx 000 0 und d
020 _a9781476511557
100 _aDavid J. Schwartz
_936619
245 4 _aThe Magic of Thinking Big
260 _bPocket Book
500 _aQuantity Number: 1
650 _aPersonality Development
_936620
942 _cBK
999 _c50668
_d50668